000
00314nam a22001457a 4500
003
SGT
020
_a
978-81-239-1748-1
082
_a
614.1
_b
F09W
100
_a
WOOD, PHIL
245
_a
FORENSIC MENTAL HEALTH NURSING
260
_a
INDIA
_b
CBS
_c
2009
300
_a
241
650
_a
FORENSIC
942
_2
ddc
_c
BK
999
_c
10913
_d
10913